000 00992nam a2200241Ia 4500
001 779-LOL gi ma (9349)
003 IT-MiSPE
008 171229s9999||||xx |||||||||||||| ||und||
040 _aIT-MiSPE
_cIT-MiSPE
041 _aITALIANO
100 _aGina Lollobrigida
245 0 _aMagica innocenza
250 _a1a ed. (v)
260 _aCinisello B.mo
_bSan Paolo
_c1993
300 _a219 p.
_c32 cm
490 _aGrandi libri fotografici
_v14
500 _aFotografia
501 _aEdizioni San Paolo srl - Piazza Soncino, 5 - 20092 CINISELLO BALSAMO (MI) (non commercial uses only) ® Copyright 2018
520 _aIll.
942 _cBK
957 _71
999 _a20136
_bNO
_g Copie: 1
_c351900
_d351900